000 00817nam a2200253 a 4500
001 BRCA_7953
005 20190320210052.0
008 100314s1969----mx-a###f##---#000-0#spa-#
041 _aspa
044 _amx
050 4 _aNA5250
_b.V37
_c1969
100 1 _aVargas Lugo, Elisa
_9500
245 1 0 _aLas portadas religiosas de México
_cElisa Vargas Lugo.
260 _aMéxico
_bUNAM
_c1969
300 _a367 p.
_bil. (algunas a color), 187 láminas
_c23 cm.
440 0 _aEstudios y fuentes del arte en México
_nXXVIII
_919705
500 _a3113
500 _aDedicatoria de la autora al señor Franz Mayer
650 1 4 _aArquitectura religiosa
_vHistoria
_zMéxico
_919706
650 1 4 _aIglesias
_zMéxico
_94471
710 2 _aUNAM
_bInstituto de Investigaciones Estéticas
_911430
902 _aGFM
942 _2lcc
_cB
999 _c7622
_d7622